[Event "20th Iraklio Open 2017"]
[Site "Athens"]
[Date "2017.06.24"]
[Round "8.1"]
[White "Nikolaidis, Ioannis"]
[Black "Kordis, Konstantinos"]
[Result "1-0"]
[WhiteElo "2561"]
[BlackElo "2149"]
[Annotator "TA"]
[PlyCount "79"]
[EventDate "2017.??.??"]
[EventType "swiss"]
[EventCountry "GRE"]
[SourceTitle "playchess.com"]
[Source "ChessBase"]
[SourceQuality "1"]

{[%evp 18,79,39,23,27,41,103,100,111,111,212,203,254,250,237,231,233,248,248,225,305,306,275,287,267,295,279,249,247,244,219,225,224,221,514,483,500,475,475,431,428,431,411,411,404,404,403,341,547,547,515,429,705,565,685,614,602,560,664,652,772,753,1472,879]} 1. d4 Nf6 2. c4 g6 3. Nc3 Bg7 4. e4 d6 5. f3 O-O 6. Be3 Nbd7 7. Nh3 c5 8. d5 Ne5 9. Nf2 e6 10. Be2 exd5 {E81: King's Indian: Sämisch: 6th move deviations (including 6 Be3 c6)} 11. cxd5 b5 (11... Ne8 $14) 12. Nxb5 $16 (12. Bxb5 Rb8 13. Rb1 Qa5 14. Be2 Ba6 15. O-O Nfd7 16. Bxa6 Qxa6 17. b3 Nxf3+ 18. Qxf3 Bxc3 {1-0 (50) Jussupow,A (2585)-Onischuk,V (2601) Tallinn 2016}) 12... Rb8 {[#] aiming for ...Rxb5!White is better.} 13. Qd2 $146 ({Predecessor:} 13. O-O a6 14. Na7 Rxb2 15. f4 Ned7 16. Nc6 Qc7 17. Bf3 Re8 18. Bc1 Rxf2 19. Rxf2 Nxe4 20. Rb2 Bb7 21. Qa4 Nb6 22. Rxb6 Qxb6 23. Bxe4 c4+ 24. Kf1 Rxe4 {0-1 (24) Fiacan,R (2116)-Sepesi,S (2127) Slovakia 2015}) 13... Qb6 (13... Nh5 $16 {was called for.}) 14. b4 $18 Bd7 15. bxc5 dxc5 16. Nc3 Qa5 {intending ...Nfg4.} 17. Rc1 Rb4 18. O-O Nc4 19. Bxc4 $1 Rxc4 20. e5 Nh5 21. f4 g5 {[%cal Rh5f4]} 22. Nfe4 gxf4 23. Qe2 fxe3 24. Qxc4 Bxe5 25. Qe2 ({Much less strong is} 25. Qxc5 $6 Qxc5 26. Nxc5 Bg4 $16) ({But not} 25. Nxc5 $6 Qc7) 25... Bd4 $2 (25... Ng7) 26. Qxh5 {[#] Ng5 would kill now.} e2+ 27. Rf2 $1 Bxc3 28. Nxc3 Qxc3 29. Qg5+ Kh8 30. Rxe2 ({Not} 30. Rxc3 e1=Q+ 31. Rf1 Qxc3 $11) 30... Qd4+ 31. Kh1 Bb5 32. Qe5+ f6 $2 (32... Qxe5 33. Rxe5 c4) 33. Qxd4 {White is clearly winning.} cxd4 {[%mdl 4096] Endgame KRR-KRB} 34. Rb2 Ba6 (34... a6 $142 35. Rb4 d3) 35. Kg1 Rd8 36. Rc6 Bd3 37. Rd2 Be4 38. Rxd4 f5 39. Rc7 Rb8 40. Rd2 {Precision: White = 87%, Black = 38%.} 1-0

[Event "20th Iraklio Open 2017"]
[Site "Athens"]
[Date "2017.06.24"]
[Round "8.2"]
[White "Georgiev, Krum"]
[Black "Koutourinis, Apostolos"]
[Result "1-0"]
[WhiteElo "2357"]
[BlackElo "2041"]
[Annotator "TA"]
[PlyCount "89"]
[EventDate "2017.??.??"]
[EventType "swiss"]
[EventCountry "GRE"]
[SourceTitle "playchess.com"]
[Source "ChessBase"]
[SourceQuality "1"]

{[%evp 14,89,15,2,29,29,24,19,16,20,20,19,56,43,53,35,44,17,17,14,12,26,18,0,11,8,25,12,47,21,10,4,7,0,8,0,80,85,77,76,71,37,29,14,48,43,50,51,55,45,53,58,58,25,56,19,70,63,126,143,143,143,142,32,52,0,2,0,0,0,0,6,6,6,6,8,8,0]} 1. e4 c5 2. Nf3 d6 3. c3 Nf6 4. Be2 g6 5. O-O Nbd7 {[%cal Bb8d7,Bd7e5,Be5f3][%mdl 32]} 6. d3 Bg7 7. Re1 O-O 8. Nbd2 Ne5 {B50: Sicilian: 2...d6, Miscellaneous} (8... e5 9. a4 Re8 10. a5 Rb8 11. Bf1 b5 12. axb6 axb6 13. Nc4 Qc7 14. d4 exd4 15. Bf4 Ne5 16. cxd4 Nxc4 17. Bxc4 Rxe4 18. Rxe4 Nxe4 {½-½ (50) Sjugirov,S (2626)-Shinkevich,V (2520) Belgorod 2010}) 9. d4 $146 ({Predecessor:} 9. Nxe5 dxe5 10. Nc4 Qc7 11. a4 b6 12. Be3 Be6 13. b3 Nd7 14. Qc1 Nb8 15. h4 Nc6 16. h5 {1-0 (61) Kengis,E (2500)-Ristic,N (2415) Luxembourg 1990}) 9... Nxf3+ 10. Bxf3 cxd4 11. cxd4 Nd7 12. Nb3 Rb8 13. Bg5 b6 14. Rc1 Bb7 15. Qe2 h6 16. Bh4 Re8 17. Qd2 Rc8 18. h3 Rxc1 19. Rxc1 Qb8 20. d5 g5 21. Bg3 Rc8 22. Rxc8+ Qxc8 23. Nd4 Bxd4 24. Qxd4 Qc5 {[#]} (24... Qc2 $11 {remains equal.}) 25. Qa4 $1 $16 {[%cal Ra4d7]} b5 {[#]} 26. Qa5 $1 {[%cal Ra5d8]} Qb6 27. Qxb6 (27. Qd2 {is more complex.} Qc5 28. h4 f6 29. Bg4 Bc8 30. hxg5 hxg5 31. Qa5) 27... Nxb6 {[%mdl 4096] Endgame KBB-KBN} 28. b3 Kf8 (28... f5 $5) 29. Bg4 Bc8 30. Bxc8 Nxc8 $14 {KB-KN} 31. f3 e6 32. dxe6 fxe6 33. Bf2 Ke7 34. Kf1 Kd7 (34... a6 $11) 35. Be3 a6 (35... Ke7 $14) 36. h4 $16 gxh4 37. Bxh6 Ne7 38. Ke2 (38. Bg5 $16) 38... e5 $14 39. Kf2 Ke6 {The position is equal.} 40. Bg5 Ng6 41. Kg1 d5 42. exd5+ Kxd5 43. Kh2 Kd4 44. Kh3 Kc3 $1 45. Kg4 {[%mdl 32768] Precision: White = 62%, Black = 53%. . Sensor Board Error (Ke4/e5)?} 1-0

[Event "20th Iraklio Open 2017"]
[Site "Athens"]
[Date "2017.06.24"]
[Round "8.3"]
[White "Skaperdas, Kostantinos"]
[Black "Loutragotis, Dimitrios"]
[Result "1/2-1/2"]
[WhiteElo "2191"]
[BlackElo "2143"]
[Annotator "TA"]
[PlyCount "78"]
[EventDate "2017.??.??"]
[EventType "swiss"]
[EventCountry "GRE"]
[SourceTitle "playchess.com"]
[Source "ChessBase"]
[SourceQuality "1"]

{[%evp 11,78,95,91,28,80,72,93,89,87,62,78,20,52,45,74,45,87,81,106,43,27,8,11,24,85,78,117,42,88,55,65,44,31,21,50,8,47,54,69,48,47,62,56,40,101,97,118,117,300,299,336,327,351,344,397,406,496,335,335,306,303,296,320,305,356,368,385,169,193]} 1. e4 e5 2. Nf3 Nc6 3. Bb5 f5 4. d3 Nf6 5. O-O Bc5 6. exf5 {C63: Ruy Lopez: Schliemann/Jaenisch Defence} O-O {LiveBook: 18 Games} 7. c3 (7. Nbd2 $16) 7... d5 (7... d6 $11) 8. Bxc6 $1 $16 {White is better.} bxc6 9. Nxe5 Bxf5 10. d4 $146 ({Predecessor:} 10. Qf3 Qe8 11. d4 Nd7 12. Bf4 Bd6 13. Nd2 Nxe5 14. dxe5 Bxe5 15. Bxe5 Qxe5 {1-0 (55) Loncar,R (2430)-Kennaugh,C (2295) Bled 1994}) 10... Bd6 11. f3 (11. Bf4 $16) 11... c5 $11 12. Re1 Nd7 13. Nxd7 Bxd7 14. dxc5 $1 Bxc5+ 15. Kh1 ({Better is} 15. Be3 $1 $16 Bxe3+ 16. Rxe3) 15... c6 $14 16. Be3 Bxe3 17. Rxe3 Qg5 (17... Qb6 $11 18. Qd2 Rae8 19. Rxe8 Rxe8) 18. Re2 $1 $16 Rab8 19. Na3 (19. Nd2 $16) 19... h5 20. Qd4 Rfe8 $1 {[%cal Re8e2]} 21. Rxe8+ (21. Rf2 {with more complications.} Qe7 22. Rd2 a5 23. Rad1 Bf5 24. h3) 21... Rxe8 22. Qf2 Bf5 23. Re1 Re7 24. Rxe7 Qxe7 25. Qd2 Qe5 26. g3 h4 27. Kg2 Bg6 ({Black should try} 27... h3+ $14 28. Kf2 Qc7) 28. Nc2 h3+ 29. Kf2 $1 Qf5 $2 (29... Bxc2 $16 30. Qxc2 d4) 30. Nd4 $18 Qb1 31. Nxc6 Qh1 32. Ke3 ({And not} 32. Qxd5+ Kh7 $11) 32... Qg1+ 33. Kf4 Kh7 34. Ne5 Qg2 35. Ke3 Qg1+ {[#]} 36. Qf2 $1 {[%cal Rf2g1]} Qc1+ {[#]} 37. Kd4 $1 Qd1+ 38. Kc5 Qh1 39. Nxg6 (39. g4 $142 Bb1 40. Nd7 (40. Kxd5 Qg2 $16)) 39... Qg2 {Precision: White = 46%, Black = 28%.} 1/2-1/2

[Event "20th Iraklio Open 2017"]
[Site "Athens"]
[Date "2017.06.24"]
[Round "8.4"]
[White "Spyropoulos, Nikolaos"]
[Black "Kotrotsos, Vasilios"]
[Result "0-1"]
[WhiteElo "2229"]
[BlackElo "2269"]
[Annotator "TA"]
[PlyCount "80"]
[EventDate "2017.??.??"]
[EventType "swiss"]
[EventCountry "GRE"]
[SourceTitle "playchess.com"]
[Source "ChessBase"]
[SourceQuality "1"]

{[%evp 21,80,40,36,28,52,41,42,-32,0,0,0,-41,-33,-134,-95,-92,69,106,99,55,72,57,91,85,79,44,25,12,25,-50,-38,-110,-135,-134,-134,-123,-109,-176,-158,-415,-427,-359,-125,-132,-98,-139,-139,-216,-186,-270,-283,-276,-263,-1031,-1031,-1003,-1002,-905,-905,-896,-889]} 1. d4 g6 2. e4 Bg7 3. Nc3 d6 4. Be3 a6 5. Qd2 Nd7 6. O-O-O b5 7. h4 {B06: Modern Defence} h5 (7... h6 8. f4 h5 9. Nf3 Nb6 10. Ng5 d5 11. Bd3 Nh6 12. e5 Bg4 13. e6 f5 14. Rde1 Qd6 {0-1 (50) Almasi,Z (2695)-Rapport,R (2720) Germany 2015}) 8. Nh3 Bb7 9. Ng5 Rc8 10. f4 Nh6 11. e5 Nb6 {LiveBook: 3 Games} 12. Bd3 b4 13. Ne2 Nd5 14. Ng3 $146 (14. f5 $14 gxf5 15. Ng3) ({Predecessor:} 14. f5 gxf5 {0-1 (42) Fougerit,V (2225)-Moussard,J (2444) Montpellier 2015}) 14... e6 15. Rhe1 $1 Qd7 16. Bg1 (16. Qe2 {is more complex.} O-O 17. Bd2 c5 18. dxc5 dxe5 19. fxe5 Ng4 20. Nxh5 gxh5 21. Qe4) 16... a5 17. Bxg6 (17. Kb1 $1 $15) 17... fxg6 $17 {[#]} 18. Nxe6 $1 {[%mdl 512] [#]} Qxe6 $2 (18... Kf7 $1 $17 19. Nc5 Qb5 20. Nxb7 Qxb7) 19. exd6 $14 {[#]} Qxe1 $1 {[%mdl 512]} 20. Qxe1+ (20. Rxe1+ Kd7) 20... Kd7 21. Qe4 cxd6 22. Qxg6 Bf6 {[%cal Bg7f6,Bf6h4,Bh4g5][%mdl 32]} 23. Nxh5 (23. Ne4 $5 {[%cal Re4f6]} Ng4 24. Ng5 $14 (24. Qf7+ Be7 $14)) 23... Bxh4 24. f5 {Hoping for Bh2.} Rcf8 25. Qe6+ (25. g4 $11) 25... Kc7 $15 {[%cal Bd7c7,Bc7b6,Bb6b7][%mdl 1056] Black has compensation.} 26. Qe2 (26. f6 $15) 26... Nxf5 $17 27. g4 Bg5+ 28. Kb1 Nfe3 29. Re1 (29. Bxe3 $17 Bxe3 30. Ng3) 29... Kb6 30. Ng7 $2 (30. Qd3 $17 {was forced.}) 30... Ba6 $19 31. Qd2 Rf6 $2 (31... Bh4 $19 {has better winning chances.} 32. Rc1 Nf1) 32. Nf5 $17 Re8 33. Nxe3 Nxe3 34. d5 {[#]} (34. Bf2 $17 Rf3 35. d5) 34... Kb7 $1 $40 {[%mdl 128] Black attacks with force.} 35. Qd4 (35. Rc1 {might work better.}) 35... Re5 36. a3 ({Much worse is} 36. c4 Rf4 $19) 36... Rf4 37. Qd2 $2 (37. Qxe3 Rxe3 38. Bxe3 Rxg4 39. Bxg5 Rxg5 40. axb4) 37... Nc4 {Black is clearly winning.} 38. Qd1 Rxe1 39. Qxe1 {[#]} Rf1 $1 {[%mdl 512]} 40. Qxf1 Nd2+ {Precision: White = 35%, Black = 65%.} 0-1

[Event "20th Iraklio Open 2017"]
[Site "Athens"]
[Date "2017.06.24"]
[Round "8.5"]
[White "Ergazakis, Ioannis"]
[Black "Galanos, Dimitrios"]
[Result "1-0"]
[WhiteElo "2150"]
[BlackElo "1996"]
[Annotator "TA"]
[PlyCount "83"]
[EventDate "2017.??.??"]
[EventType "swiss"]
[EventCountry "GRE"]
[SourceTitle "playchess.com"]
[Source "ChessBase"]
[SourceQuality "1"]

{[%evp 12,83,54,17,51,30,29,25,47,6,10,0,0,0,3,0,0,0,-13,-27,-18,-29,-31,-30,-48,-37,-12,-57,-11,-39,0,0,0,0,129,129,210,200,213,220,214,205,214,187,219,223,257,250,254,249,228,221,533,541,589,590,631,623,684,670,750,746,829,828,1379,1334,1106,958,1418,1387,1127,974,29980,29981]} 1. e4 e5 2. Nf3 Nc6 3. Bb5 {[%cal Bf1b5,Bb5a4,Ba4b3,Bb3a2][%mdl 32]} Nge7 4. c3 g6 5. d4 exd4 6. cxd4 Bg7 {C60: Ruy Lopez: Unusual Black 3rd moves and 3...g6} 7. Nc3 {LiveBook: 3 Games} a6 8. Ba4 (8. Bxc6 $5 dxc6 9. O-O $14) 8... b5 {White has an edge.} 9. Bb3 O-O (9... d6 10. a4 b4 11. Nd5 h6 12. a5 O-O 13. O-O Bg4 {0-1 (56) Polgar,J (2693)-Nakamura,H (2786) London 2013}) 10. a3 d6 11. h3 Na5 12. Ba2 c5 13. dxc5 dxc5 14. Qxd8 Rxd8 {[#]} 15. Bg5 $146 Re8 16. O-O Bb7 17. Rfe1 c4 18. Rad1 h6 19. Bh4 {[%cal Bg5h4,Bh4g3,Bg3e5,Be5g7,Bg7f6][%mdl 32]} g5 20. Bg3 f5 21. Be5 fxe4 22. Bxg7 Nf5 (22... Kxg7 $11 {remains equal.} 23. Nd4 (23. Nxe4 Bxe4 24. Rxe4 Nec6 $11) 23... Kf6) 23. Nxg5 $1 $16 {Black must now prevent Bxh6.} hxg5 (23... Kxg7 $16 24. Ngxe4 Bxe4) 24. Bf6 $18 Nb3 25. Bxb3 cxb3 26. Bxg5 Re6 27. h4 Nd6 28. Ne2 {Hoping for Nf4.} Nf7 29. Bf4 Rc8 30. Nd4 Rf6 31. g3 {[%cal Bg2g3,Bg3f4][%mdl 32]} Rxf4 $2 {[#]} (31... Nd6 {is a better chance.} 32. Be5 Rg6) 32. gxf4 Nd6 33. Re3 Kh8 34. Rg3 e3 35. fxe3 Ne4 36. Rg6 Kh7 37. h5 {[%cal Bh4h5,Bh5h6][%mdl 32]} Bd5 38. Nf3 Bc6 39. Ng5+ Kh8 {[#]} 40. Rxc6 $1 Rxc6 41. Nxe4 Rc2 42. h6 {Precision: White = 83%, Black = 38%.} 1-0

[Event "20th Iraklio Open 2017"]
[Site "Athens"]
[Date "2017.06.24"]
[Round "8.6"]
[White "Korniotis, Filippos"]
[Black "Fragkos, Vasileios"]
[Result "1-0"]
[WhiteElo "2143"]
[BlackElo "1453"]
[Annotator "NA"]
[PlyCount "61"]
[EventDate "2017.??.??"]
[EventType "swiss"]
[EventCountry "GRE"]
[SourceTitle "playchess.com"]
[Source "ChessBase"]
[SourceQuality "1"]
[TimeControl "5400+30"]

1. d4 d5 2. c4 c6 3. Nc3 Nf6 4. Nf3 a6 5. e3 Nbd7 6. Bd3 e6 7. O-O dxc4 8. Bxc4 b5 9. Bd3 Be7 10. Re1 O-O 11. e4 Bb7 12. Bf4 c5 13. d5 exd5 14. Nxd5 Nxd5 15. exd5 Nf6 16. d6 Re8 17. dxe7 Rxe7 18. Bxh7+ Kxh7 19. Ng5+ Kg6 20. Qc2+ Kh5 21. Ne6 Be4 22. Qe2+ Kg6 23. Nxd8 Rxd8 24. f3 Rde8 25. fxe4 Rxe4 26. Qc2 c4 27. Re3 Kh7 28. Rae1 g6 29. Rxe4 Rxe4 30. Rxe4 Nxe4 31. Qxe4 1-0

[Event "20th Iraklio Open 2017"]
[Site "Athens"]
[Date "2017.06.24"]
[Round "8.7"]
[White "Sienczewski, Zbigniew"]
[Black "Sonis, Francesco"]
[Result "0-1"]
[WhiteElo "1911"]
[BlackElo "2450"]
[Annotator "TA"]
[PlyCount "108"]
[EventDate "2017.??.??"]
[EventType "swiss"]
[EventCountry "GRE"]
[SourceTitle "playchess.com"]
[Source "ChessBase"]
[SourceQuality "1"]

{[%evp 20,108,-2,-1,25,0,21,-45,-45,-45,-45,-43,0,0,0,0,0,-9,0,0,-6,-32,-20,-52,-22,-8,9,-73,-77,-85,-87,-78,-58,-95,-86,-65,-54,-58,-47,-68,-52,-62,-61,-99,-64,-106,-85,-188,-185,-185,-247,-193,-45,-45,-45,-45,-45,-45,-45,-45,-45,-45,0,-45,-45,-46,0,-45,0,-47,35,-24,-19,-43,0,0,67,-20,0,0,0,-48,0,0,0,-22,0,0,28,0,131]} 1. Nf3 e6 2. g3 d5 3. Bg2 Nf6 4. O-O Be7 5. b3 O-O 6. Bb2 c5 7. e3 Nc6 8. c4 d4 9. exd4 cxd4 10. Re1 Re8 11. d3 Bb4 {A14: English Opening: 1...e6 with b3 by White} (11... Bc5 12. Ba3 Nd7 13. Nfd2 Nb4 14. Ne4 a5 15. f4 Be7 16. Bb2 Nc6 17. a3 b6 18. Nd6 Bxd6 19. Bxc6 {½-½ (54) Robson,R (2668)-So,W (2822) Saint Louis 2017}) 12. Re2 a5 13. Na3 (13. Ne5 $11) 13... e5 $15 {Black is slightly better.} 14. Nb5 $146 ({Predecessor:} 14. Nc2 Bf8 15. h3 Bf5 16. Nh4 Bd7 17. Na3 Ra6 18. Nb5 {½-½ (58) Lorenzo de la Riva,L (2449)-Valsecchi,A (2412) Badalona 2013}) 14... Bf5 15. a3 Bf8 16. Qd2 h6 17. Rae1 $36 {[%cal Rf3e5][%mdl 2048] White has good play.} Qb8 18. h3 Bc5 19. Qc2 Bh7 20. Kh2 Re7 21. Nd2 Rd7 22. Qb1 Qf8 23. Ne4 (23. Rxe5 $1 $11 {keeps the balance.} Nxe5 24. Rxe5) 23... Nxe4 $17 24. Bxe4 Bxe4 25. Rxe4 f5 26. R4e2 Re8 27. f3 Rf7 28. Rf1 g5 29. Kg2 Kh7 30. Bc1 Re6 31. Qc2 Rg6 32. Bb2 h5 {[%cal Bh6h5,Bh5h4][%mdl 32]} 33. Bc1 (33. Ree1 $17) 33... h4 $19 34. g4 fxg4 35. hxg4 {[#]} Qh6 (35... h3+ $1 $19 {[%mdl 512]} 36. Kg1 (36. Kxh3 Rxf3+) 36... Qh6) 36. Kh3 Rgf6 37. Ref2 Qg6 38. Qe2 Kg8 39. Qd2 Kf8 40. Qe2 Kg8 41. Qd2 Rg7 42. Qe2 Rgf7 43. Qd2 Kf8 44. Qe2 Ke8 ({Better is} 44... b6 $15) 45. Bd2 (45. f4 $14) 45... Re7 $11 46. Qe4 Ref7 47. Qe2 Kd7 {[#]} (47... Kf8 $11) 48. Bc1 (48. Bxa5 $1 $14 {[%mdl 512]} Re7 (48... Nxa5 49. Qxe5) 49. Bd2) 48... Kc8 49. Bd2 b6 50. Bc1 Kb7 51. Bd2 Bf8 52. Be1 Bg7 53. Bd2 Rf8 54. Bc1 Nd8 {[%mdl 32768] Precision: White = 41%, Black = 38%. . Loss on Time!?} (54... R8f7 $11) 0-1

[Event "20th Iraklio Open 2017"]
[Site "Athens"]
[Date "2017.06.24"]
[Round "8.8"]
[White "Bardis, Harilaos-Panagiotis"]
[Black "Katopodis, Dimitrios"]
[Result "0-1"]
[WhiteElo "1797"]
[BlackElo "2169"]
[Annotator "TA"]
[PlyCount "7"]
[EventDate "2017.??.??"]
[EventType "swiss"]
[EventCountry "GRE"]
[SourceTitle "playchess.com"]
[Source "ChessBase"]
[SourceQuality "1"]

{[%evp 7,7,133]} 1. h3 e5 2. e4 Nf6 3. d4 $146 ({Predecessor:} 3. Nc3 Nc6 4. Nf3 Bc5 5. Bc4 d6 6. d3 a6 7. a3 Be6 8. Bxe6 fxe6 9. Be3 Bd4 10. Bxd4 exd4 11. Ne2 e5 12. Qd2 Qe7 13. c3 dxc3 14. Qxc3 Nd8 {0-1 (64) Khamraev,A (2180)-Petukhov,D (2322) Saratov 2011}) 3... Ng8 4. dxe5 0-1

[Event "20th Iraklio Open 2017"]
[Site "Athens"]
[Date "2017.06.24"]
[Round "8.9"]
[White "Rigopoulos-Tsigkos, Alexandros"]
[Black "Samartzis, Mihail"]
[Result "1-0"]
[WhiteElo "2111"]
[BlackElo "1896"]
[Annotator "TA"]
[PlyCount "77"]
[EventDate "2017.??.??"]
[EventType "swiss"]
[EventCountry "GRE"]
[SourceTitle "playchess.com"]
[Source "ChessBase"]
[SourceQuality "1"]

{[%evp 11,77,24,47,14,27,5,20,0,0,-14,0,-44,-4,-36,-38,-47,0,0,0,0,0,0,0,0,0,0,55,-4,228,-29,-102,-87,-95,-93,-86,-129,-139,-129,-131,-180,-120,-131,-135,-138,-158,-149,-145,-180,-61,-226,-35,-24,25,18,21,-9,-8,0,0,0,11,22,27,0,1235,572,1650,1460]} 1. e4 Nf6 2. Nc3 d5 3. exd5 Nxd5 4. Bc4 Nb6 5. Bb3 Nc6 6. Nf3 e5 7. h3 {B02: Alekhine's Defence: Chase Variation and lines with early Nc3} (7. O-O Bd6 8. h3 O-O 9. d3 Na5 10. Bg5 Qe8 11. Re1 Nxb3 12. axb3 f6 13. Bf4 Qf7 14. Bg3 Bb4 {0-1 (71) Elyakim,D (2570)-Muzyka,N (2477) RCCA corr 2003}) 7... Bd6 8. Ne4 $146 {White wants to play Nfg5.} (8. d3 $5 {[%cal Rf3g5]}) ({Predecessor:} 8. O-O O-O 9. Re1 Re8 10. d3 Be6 11. Be3 Bxb3 12. axb3 f5 13. Nb5 Nc8 14. c3 a6 {½-½ (65) Pedrajas Estepa,M (2044)-Garcia Dorado,A (2048) Madrid 2011}) 8... O-O 9. d3 {The position is equal.} Na5 10. Bg5 Be7 11. Qe2 Nxb3 12. axb3 Bxg5 13. Nexg5 f5 {Hoping for ...h6.} 14. h4 $1 h6 15. Nxe5 hxg5 16. hxg5 Qxg5 {White must now prevent ...Bd7.} 17. f4 $1 {[%cal Rf4g5]} Qf6 18. O-O-O Re8 {[#]} (18... Nd7 $1 $11) 19. Qh5 (19. Rh8+ $1 $14 {[%mdl 512]} Kxh8 20. Qh5+ Kg8 21. Qxe8+ Qf8 22. Qh5) 19... Rxe5 $2 (19... Kf8 $11) 20. Qh8+ $2 (20. fxe5 $18 Qe6 21. Rdf1) 20... Kf7 $17 21. fxe5 Qg5+ 22. Kb1 Be6 23. Qh7 Nd5 24. Rde1 Ne3 25. Qh3 Ng4 ({Weaker is} 25... Nxg2 26. Reg1 $14) (25... f4 $19 26. Qf3 Bd5) 26. Qf3 c6 27. d4 Rd8 28. Qc3 Kg8 29. Qa5 a6 (29... Nf2 $19 30. Rhg1 Ne4 31. Qxa7 Nd2+ 32. Ka1 Qh4) 30. Qc7 $2 (30. Rh5 $1 $15 Qe7 31. Qb6) 30... Rxd4 $2 ({Black should try} 30... Rd7 $19 31. Qb8+ Qd8 32. Qxd8+ Rxd8) 31. Qxb7 $15 Nf2 32. Qxc6 $40 {[%cal Rc6e8][%mdl 128] [#] White attacks.} Qe7 33. Rh5 Ne4 34. Reh1 Kf7 {aiming for ...Ng3.} 35. Rh8 Nd2+ (35... Rd5 $5 {[%cal Re4d2]}) 36. Kc1 $1 {Threatens to win with Rd1.} Ne4 37. Qa8 {Qg8+ would kill now.} Qg5+ $2 {[%mdl 8192]} (37... Kg6 $11 {and Black has nothing to worry.}) 38. Kb1 $18 {[%csl Gh8][%cal Ra8e8]} Nd2+ 39. Ka1 {Precision: White = 38%, Black = 40%.} 1-0

[Event "20th Iraklio Open 2017"]
[Site "Athens"]
[Date "2017.06.24"]
[Round "8.10"]
[White "Nemtsas, Hristoforos"]
[Black "Pelantakis, Mihail"]
[Result "0-1"]
[WhiteElo "1931"]
[BlackElo "1661"]
[Annotator "NA RC"]
[PlyCount "44"]
[EventDate "2017.??.??"]
[EventType "swiss"]
[EventCountry "GRE"]
[SourceTitle "playchess.com"]
[Source "ChessBase"]
[SourceQuality "1"]
[TimeControl "5400+30"]

1. d4 d5 2. c4 e5 3. dxe5 d4 4. a3 Nc6 5. Nf3 Nge7 {D08: Albin Counter Gambit} 6. b4 Ng6 7. Bb2 a5 8. b5 Ncxe5 9. Bxd4 (9. Nxe5 Nxe5 10. Qxd4 Qxd4 11. Bxd4 Nxc4 12. e3 Be6 13. Be2 {0-1 (30) Wojtaszek,R (2749)-Morozevich,A (2676) Doha 2016}) 9... Nxf3+ 10. exf3 $146 ({Predecessor:} 10. gxf3 Be6 11. Nc3 Bxc4 12. e3 Bxf1 13. Kxf1 {½-½ (60) Matlakov,M (2484)-Chuprov,D (2577) Novokuznetsk 2008}) 10... Qe7+ 11. Qe2 Be6 12. Qe3 O-O-O 13. Bc3 Qd6 14. Nd2 b6 15. Ne4 Qf4 16. g3 f6 17. h4 $2 (17. gxf4 $18 Bf5 {[#]} 18. Bxa5 $1 {[%mdl 512]}) 17... Bf5 $2 (17... Qxe3+ $14 18. fxe3 Ne5) 18. Bh3 $2 (18. gxf4 $18 {is the precise move to win.} Bd6 19. Nxd6+ Rxd6 20. Bh3 Bxh3 21. Rxh3) 18... Bxh3 $4 (18... Qxe3+ $14 19. fxe3 Bxh3 20. Rxh3 h5) 19. Rxh3 $2 (19. gxf4 $18 Bc5 20. Nxc5 bxc5 21. Rxh3) 19... h5 $2 (19... Qf5 $11 20. g4 Qe6) 20. Rh2 $2 ({Only move:} 20. gxf4 $18 Kb8 21. c5 Bxc5 22. Nxc5) 20... f5 $2 (20... Qf5 $15) 21. Ng5 $4 (21. gxf4 $18 {was the only winning move.} Re8 22. Kf1) 21... Rd3 $4 (21... Qxc4 $19 22. Qe6+ Qxe6+ 23. Nxe6 Re8) 22. Bd4 $19 (22. Qe6+ $18 Kb8 23. gxf4 Rxc3 24. Qe8+ Kb7 25. Qxg6 Bxa3 26. Nf7) 22... Bxa3 $4 (22... Rxe3+ $19 23. Bxe3 Qxc4) 0-1

[Event "20th Iraklio Open 2017"]
[Site "Athens"]
[Date "2017.06.25"]
[Round "9.1"]
[White "Kotrotsos, Vasilios"]
[Black "Nikolaidis, Ioannis"]
[Result "1/2-1/2"]
[WhiteElo "2269"]
[BlackElo "2561"]
[Annotator "TA"]
[PlyCount "47"]
[EventDate "2017.??.??"]
[EventType "swiss"]
[EventCountry "GRE"]
[SourceTitle "playchess.com"]
[Source "ChessBase"]
[SourceQuality "1"]

{[%evp 14,47,0,-13,48,-8,60,52,91,0,0,-48,-16,-32,-13,-40,-27,-47,0,0,0,0,0,0,36,47,79,0,31,0,0,0,22,0,0,0]} 1. d4 Nf6 2. c4 e6 3. Nc3 Bb4 4. a3 Bxc3+ 5. bxc3 O-O 6. e3 Nc6 {E28: Nimzo-Indian: Sämisch: 5...0-0 6 e3} 7. Bd3 b6 8. e4 {LiveBook: 5 Games} Ne8 (8... e5 $11) 9. Nh3 (9. Nf3 $14) 9... Ba6 ({Black should try} 9... e5 $11) 10. e5 $14 {[#] Threatens to win with Bxh7+!} f6 11. exf6 (11. Qe2 $16) 11... Nxf6 $11 12. Bg5 Na5 13. Qe2 $1 ({Reject} 13. Bxf6 Qxf6 14. O-O Bxc4 $17) 13... c5 14. O-O {[#]} Rc8 $146 ({Predecessor:} 14... cxd4 15. cxd4 {0-1 (35) David,A (2548)-Naiditsch,A (2588) Istanbul 2003}) 15. Rac1 $1 ({Much weaker is} 15. Bxf6 Qxf6 16. Qe4 g6 $17) 15... Qe8 16. Bxf6 Rxf6 17. Ng5 Rh6 $1 18. f4 cxd4 (18... Qh5 $5 {[%cal Rh5h2]} 19. g4 Qh4 $11) 19. cxd4 Qh5 20. Nf3 ({Better is} 20. g4 $16 Qh4 21. Rf2) 20... Bb7 {[#] And now ...Nb3 would win.} (20... Nb3 $5 {[%cal Rb3c1]} 21. Rcd1 Nxd4 22. Bxh7+ Rxh7 23. Rxd4 Qc5 $11) 21. Be4 Ba6 {The position is equal.} 22. Bd3 Bb7 {aiming for ...Nb3.} 23. Be4 Ba6 24. Bd3 {Precision: White = 45%, Black = 29%.} 1/2-1/2